| 000 | 00579nam a22001937a 4500 | ||
|---|---|---|---|
| 001 | BT-PhCST | ||
| 003 | BT-PhCST | ||
| 005 | 20230407154714.0 | ||
| 008 | 170315b xxu||||| |||| 00| 0 eng d | ||
| 020 | _a9780761968047 | ||
| 040 |
_aBT-PhCST _cBT-PhCST _dBT-PhCST |
||
| 050 | _a19423-19432 | ||
| 082 |
_222 _a300.72 |
||
| 100 | _aBalnaves, Mark and Caputi, Peter | ||
| 245 |
_aIntroduction to quantitative research methods : _bAn investigative approach / |
||
| 260 |
_aNew Delhi, _bSage Publications, _cc2001. |
||
| 300 |
_aill. ; _bviii, 257 p. ; _c24 Cm _eCD |
||
| 942 |
_2ddc _cGEN |
||
| 999 |
_c6662 _d6662 |
||